|
|
|
|
| LEADER |
00988nas a22002297i 4500 |
| 003 |
GR-PaULI |
| 008 |
161121c19979999gr ur|p |||| 00| b gre d |
| 952 |
|
|
|0 0
|1 0
|2 ddc
|4 0
|6 889_050000000000000
|7 1
|9 244454
|a LISP
|b LISP
|c SER
|d 2020-10-13
|e ΠΑΤ
|i ΠΑΤ 251
|l 0
|o 889.05
|r 2020-10-13 00:00:00
|w 2020-10-13
|y JNL
|
| 999 |
|
|
|c 147531
|d 147531
|
| 022 |
|
|
|a 1106-4137
|l 1106-4137
|
| 040 |
|
|
|a GR-PaULI
|b gre
|e AACR2
|
| 082 |
|
|
|2 23
|a 889.05
|
| 245 |
|
|
|a Σίρις :
|b περιοδική έκδοση του συνδέσμου φιλολόγων νομού Σερρών
|
| 260 |
|
|
|a Σέρρες :
|b Σύνδεσμος φιλολόγων Νομού Σερρών
|
| 300 |
|
|
|a τχ. :
|c 23 εκ.
|
| 310 |
|
|
|a 'Αγνωστο
|
| 362 |
|
|
|a Άρχισε το έτος (1997).
|
| 588 |
|
|
|a Η περιγραφή βασίζεται στο έτος (2002).
|
| 650 |
|
0 |
|a Ελληνική φιλολογία
|x Περιοδικά
|9 179776
|
| 866 |
|
|
|a (1997-2002)
|
| 942 |
|
|
|2 ddc
|c JNL
|
| 998 |
|
|
|c ΙΩΑΝΝΟΥ
|d 2020-10
|